000 00786nam a2200277 i 4500
001 C2-0327122
003 PPAK
005 20180728124813.0
008 140526s2014 my a|||| ||||| | eng d
020 _a9789830062495
040 _aPPAK
_beng
_cPPAK
_erda
082 0 4 _a428.2076
_223
090 0 0 _a428.2076
_bSHO
_dRK
100 1 _aShoba, S.,
_eauthor
245 1 0 _aEnglish UPSR year 4.5.6
264 1 _aBangi, Selangor :
_bPenerbitan Pelangi Sdn. Bhd. ,
_c2014
300 _ax, 350 pages :
_billustrations ;
_c26 cm.
336 _2rdacontent
_atext
337 _2rdamedia
_aunmediated
338 _2rdacarrier
_avolume
490 1 _aFocus UPSR
650 1 0 _aEnglish language - Examinations, questions, etc.
700 _eauthor
830 0 _aFocus UPSR
942 _ddc
_cB
999 _c126693
_d126693